000 00394 a2200169 4500
001 175323
020 _a85-262-2382-8
040 _cMagnum
100 _aAntunes, Celso
240 1 0 _aOs rios, os mares e os oceanos
_lpor
245 1 0 _aOs rios, os mares e os oceanos
300 _a63
362 0 _a1995
440 1 _aScipione
697 _aHISTÓRIA - GEOGRAFIA - BIOGRAFIAS
942 _cBK
999 _c175323
_d175323